The pilgrim's progress : (Record no. 21343)

MARC details
000 -LEADER
fixed length control field 01935cam a2200385 a 4500
001 - CONTROL NUMBER
control field 15609774
003 - CONTROL NUMBER IDENTIFIER
control field OSt
005 - DATE AND TIME OF LATEST TRANSACTION
control field 20260313101444.0
008 - FIXED-LENGTH DATA ELEMENTS--GENERAL INFORMATION
fixed length control field 090203s2009 ilua b 000 1 eng
010 ## - LIBRARY OF CONGRESS CONTROL NUMBER
LC control number 2009004765
020 ## - INTERNATIONAL STANDARD BOOK NUMBER
International Standard Book Number 9781433506994
Qualifying information hc
035 ## - SYSTEM CONTROL NUMBER
System control number 15609774
040 ## - CATALOGING SOURCE
Original cataloging agency DLC
Transcribing agency DLC
Modifying agency DLC
050 00 - LIBRARY OF CONGRESS CALL NUMBER
Classification number PR3330.A2
Item number L68 2009
082 00 - DEWEY DECIMAL CLASSIFICATION NUMBER
Classification number 823/.4
Edition number 22
100 1# - MAIN ENTRY--PERSONAL NAME
Personal name Bunyan, John,
Dates associated with a name 1628-1688.
245 14 - TITLE STATEMENT
Title The pilgrim's progress :
Remainder of title from this world to that which is to come /
Statement of responsibility, etc. John Bunyan ; updated by C.J. Lovik ; illustrated by Michael Wimmer.
250 ## - EDITION STATEMENT
Edition statement [Updated version].
260 ## - PUBLICATION, DISTRIBUTION, ETC. (IMPRINT)
Place of publication, distribution, etc. Wheaton, Ill. :
Name of publisher, distributor, etc. Crossway Books,
Date of publication, distribution, etc. 2009.
300 ## - PHYSICAL DESCRIPTION
Extent 240 p. :
Other physical details col. ill. ;
Dimensions 24 cm.
336 ## - CONTENT TYPE
Content type term text
Content type code txt
Source rdacontent
337 ## - MEDIA TYPE
Media type term unmediated
Media type code n
Source rdamedia
338 ## - CARRIER TYPE
Carrier type term volume
Carrier type code nc
Source rdacarrier
504 ## - BIBLIOGRAPHY, ETC. NOTE
Bibliography, etc Includes bibliographical references (p. [224]-240).
505 0# - FORMATTED CONTENTS NOTE
Formatted contents note Pilgrim's great distress -- The way of the world or the narrow way -- A burden lifted and a journey begun -- A fierce battle and a dark valley -- A faithful friend -- A faith beyond words -- On trial for the gospel -- Confronting worldly attachments -- Refreshment at God's river -- Prisoners of despair -- Shepherds' warnings, dangers avoided -- Faith under attack -- Flattering enemies and renewed trust -- Stubborn ignorance -- Home in the celestial city.
650 #0 - SUBJECT ADDED ENTRY--TOPICAL TERM
Topical term or geographic name as entry element Christian pilgrims and pilgrimages
Form subdivision Fiction.
650 #0 - SUBJECT ADDED ENTRY--TOPICAL TERM
Topical term or geographic name as entry element Christian life
Form subdivision Fiction.
655 #7 - INDEX TERM--GENRE/FORM
Genre/form data or focus term Christian fiction.
Source of term gsafd
655 #7 - INDEX TERM--GENRE/FORM
Genre/form data or focus term Fiction.
Source of term lcgft
Authority record control number https://id.loc.gov/authorities/genreForms/gf2014026339
700 1# - ADDED ENTRY--PERSONAL NAME
Personal name Lovik, Craig John,
Dates associated with a name 1946-
906 ## - LOCAL DATA ELEMENT F, LDF (RLIN)
a 7
b cbc
c orignew
d 1
e ecip
f 20
g y-gencatlg
942 ## - ADDED ENTRY ELEMENTS (KOHA)
Source of classification or shelving scheme Library of Congress Classification
Koha item type General Collection
Holdings
Withdrawn status Lost status Source of classification or shelving scheme Not for loan Home library Current library Shelving location Date acquired Source of acquisition Inventory number Total Checkouts Full call number Barcode Checked out Date last seen Date last checked out Copy number Price effective from Koha item type
    Library of Congress Classification   Kabarak, Main Campus Kabarak, Main Campus General Stacks 13/03/2026 Donation 2025/3840 1 PR3330.A2 L68 2009 C.1 38375 18/04/2026 02/04/2026 02/04/2026 C.1 13/03/2026 General Collection
    Library of Congress Classification   Kabarak, Main Campus Kabarak, Main Campus General Stacks 13/03/2026 Donation 2025/3841   PR3330.A2 L68 2009 C.2 38374   13/03/2026   C.2 13/03/2026 General Collection
    Library of Congress Classification   Kabarak, Main Campus Kabarak, Main Campus General Stacks 13/03/2026 Donation 2025/3839   PR3330.A2 L68 2009 C.3 38373   13/03/2026   C.3 13/03/2026 General Collection
Designed with assistance from East African Informatics Ltd